| 000 | 00376nam a2200145Ia 4500 | ||
|---|---|---|---|
| 008 | 231129s1998||||xx |||||||||||||| ||spa|| | ||
| 020 | _a84-8265-058-0 | ||
| 040 | _bspa | ||
| 082 | _a843 F815a | ||
| 100 | _aFrance Anatole | ||
| 245 | 0 | _aLa azucena roja | |
| 260 | _c1998 | ||
| 264 | _aClub Internacional del Libro | ||
| 942 |
_2ddc _cBKS |
||
| 999 |
_c16448 _d16448 |
||